The Marad systematic series of full-form ship models (Record no. 50338)

MARC details
000 -LEADER
fixed length control field 00541nam a2200133 a 4500
008 - FIXED-LENGTH DATA ELEMENTS--GENERAL INFORMATION
fixed length control field 120416s1987 ||||||||||||||||| || u
050 ## - LIBRARY OF CONGRESS CALL NUMBER
Classification number VM 298 Mar
100 ## - MAIN ENTRY--PERSONAL NAME
Personal name Roseman, Donald P
245 14 - TITLE STATEMENT
Title The Marad systematic series of full-form ship models
Statement of responsibility, etc. edited by Donald P. Roseman
260 ## - PUBLICATION, DISTRIBUTION, ETC.
Place of publication, distribution, etc. Jersey City, N.J.
Name of publisher, distributor, etc. SNAME
Date of publication, distribution, etc. 1987
300 ## - PHYSICAL DESCRIPTION
Extent vol. (various pagings) : ill
350 ## - PRICE (NR) (BK AM CF MU VM SE) [OBSOLETE]
Price 0.00
995 ## - RECOMMENDATION 995 [LOCAL, UNIMARC FRANCE]
-- 0.00
-- CBU-MAIN LIBRARY (Kitwe)
-- 1
-- 11.95
-- 1
-- AVAILABLE
-- Annex Low-Usage Collection
Holdings
Withdrawn status Lost status Source of classification or shelving scheme Damaged status Not for loan Home library Current library Shelving location Date acquired Total Checkouts Full call number Barcode Date last seen Price effective from Koha item type
          CBU-MAIN LIBRARY, KITWE. CBU-MAIN LIBRARY, KITWE.   11/30/2022   VM 298 Mar 017224 11/30/2022 11/30/2022 MONOGRAPH